10 Biggest Countries in the World - Statistics

General Stats
  • This quiz has been taken 80 times
  • The average score is 9 of 10
Answer Stats
Land Area Country % Correct
9 mil Canada
100%
16.3 mil Russia
99%
8.3 mil Brazil
97%
9.3 mil China
97%
9.1 mil United States
97%
7.6 mil Australia
89%
2.9 mil India
89%
2.7 mil Argentina
81%
2.3 mil Algeria
73%
2.6 mil Kazakhstan
71%
No matching quizzes found
Score Distribution
Percent of People with Each Score
Percentile by Number Answered
Your Score History
You have not taken this quiz